Public relations at the cutting edge level: case-study materials (Record no. 343453)

000 -LEADER
fixed length control field 00477cam a22001457a 4500
008 - FIXED-LENGTH DATA ELEMENTS--GENERAL INFORMATION
fixed length control field 180718b1985 xxu||||| |||| 00| 0 eng d
082 ## - DEWEY DECIMAL CLASSIFICATION NUMBER
Classification number N4 Ea71/85
100 ## - MAIN ENTRY--PERSONAL NAME
Personal name Earayil, Alphonse L.
245 ## - TITLE STATEMENT
Title Public relations at the cutting edge level: case-study materials
Statement of responsibility, etc. by Alphonse L. Earayil and James Vadackumchery
260 ## - PUBLICATION, DISTRIBUTION, ETC.
Place of publication, distribution, etc. Delhi
Name of publisher, distributor, etc. National
Date of publication, distribution, etc. 1985
300 ## - PHYSICAL DESCRIPTION
Extent 177p.
650 ## - SUBJECT ADDED ENTRY--TOPICAL TERM
Topical term or geographic name entry element Public relations
650 ## - SUBJECT ADDED ENTRY--TOPICAL TERM
Topical term or geographic name entry element Police - Community relations
700 ## - ADDED ENTRY--PERSONAL NAME
Personal name Vadackumchery, James
Holdings
Withdrawn status Lost status Damaged status Not for loan Permanent Location Current Location Date acquired Full call number Barcode Date last seen Price effective from Koha item type
        Indian Institute of Public Administration Indian Institute of Public Administration 1993-09-29 N4 Ea71/85 60888 2018-07-21 2018-07-21 Book

Powered by Koha